000 00468cam a2200193ua 4500
001 8229
008 150113n ii |||gr||||Z||||||hin
040 _cMAIN
041 _ahin
082 _a891.431
100 _aShukla. R.,
_eAuthor.
245 1 _aIn aavazon ko thahralo
_cBy Rameshwar Shukla
250 _a1st.
260 _aDelhi:
_bSanmarg,
_c1977.
300 _a84p.
653 _aEast Indo-European & Celtic literatures
653 _aHindi poems
942 _cBK
999 _c7344
_d7344